Phase transformations in materials
Сохранить в:
| Главный автор: | |
|---|---|
| Формат: | |
| Язык: | английский |
| Опубликовано: |
CBS Publishers
2017
|
| Метки: |
Добавить метку
Нет меток, Требуется 1-ая метка записи!
|
MARC
| LEADER | 00000nam a22000007a 4500 | ||
|---|---|---|---|
| 008 | 240229b |||||||| |||| 00| 0 eng d | ||
| 020 | |a 812390794X | ||
| 100 | |a SHARMA, Romesh | ||
| 245 | |a Phase transformations in materials |c /Romesh C.Sharma |g x, 259p; ill | ||
| 260 | |b CBS Publishers |c 2017 |h New Delhi |i 701591 |i 701592 |l TA407.Sh1 |m Materials |m Phase transformations ( Statistical physics) | ||
| 942 | |a lcc |c BK |e Johnson |f 29/02/24 | ||
| 952 | |0 0 |1 0 |2 lcc |4 0 |6 TA0407 S H1 |7 0 |9 4929 |a TL |b HOL |c QZ |d 2024-02-29 |l 0 |o TA407.Sh1 |p 2024-0180 |r 2024-02-29 00:00:00 |t 701591 |w 2024-02-29 |y BK | ||
| 952 | |0 0 |1 0 |2 lcc |4 0 |6 TA0407 S H1 |7 0 |9 4930 |a HOL |b HOL |c QZ |d 2024-02-29 |l 0 |o TA407.Sh1 |p 2024-0181 |r 2024-02-29 00:00:00 |t 701592 |w 2024-02-29 |y BK | ||
| 999 | |c 2446 |d 2446 | ||